000
00271nam a2200121Ia 4500
008
190216s9999||||xx |||||||||||||| ||und||
100
_a
Sankaranarayan S R
245
0
_a
Light
260
_b
Sulthan Chand&Sons
_c
1984
300
_a
753p
650
_a
Physics
942
_c
BK
999
_c
33017
_d
33017